000 00462nam a22001817a 4500
999 _c524445
_d524445
003 NUST
005 20190621054804.0
038 _aFaiza
082 _a891.4391
_bTOR
100 _aTor, Ghulam Hassan
_915263
245 _aZarb e mzrab /
_cGhulam Hassan Tor
260 _aNigarshat :
_bLahore,
_c2018.
300 _a176p. ;
500 _aHard Cover
880 _6100-01\r
_aغلام حسن طور
880 _6245-02\r
_a /ضرب مضراب
942 _2ddc
_cBK